<?xml version="1.0" encoding="UTF-8"?>
<record
    xmlns:xsi="http://www.w3.org/2001/XMLSchema-instance"
    xsi:schemaLocation="http://www.loc.gov/MARC21/slim http://www.loc.gov/standards/marcxml/schema/MARC21slim.xsd"
    xmlns="http://www.loc.gov/MARC21/slim">

  <leader>00385nam a2200145Ia 4500</leader>
  <controlfield tag="008">230718s9999    xx            000 0 und d</controlfield>
  <datafield tag="041" ind1=" " ind2=" ">
    <subfield code="a">eng</subfield>
  </datafield>
  <datafield tag="082" ind1=" " ind2=" ">
    <subfield code="a">621.902</subfield>
    <subfield code="b">RED</subfield>
  </datafield>
  <datafield tag="100" ind1=" " ind2=" ">
    <subfield code="a">Reddy G.T.</subfield>
    <subfield code="9">152488</subfield>
  </datafield>
  <datafield tag="245" ind1=" " ind2=" ">
    <subfield code="a">Metal Cutting And Machine Tools</subfield>
  </datafield>
  <datafield tag="260" ind1=" " ind2=" ">
    <subfield code="b">Scitech Publications</subfield>
  </datafield>
  <datafield tag="365" ind1=" " ind2=" ">
    <subfield code="c">Rs.</subfield>
    <subfield code="b">270.00</subfield>
  </datafield>
  <datafield tag="700" ind1=" " ind2=" ">
    <subfield code="a">Reddy G.T.</subfield>
    <subfield code="9">152488</subfield>
  </datafield>
  <datafield tag="906" ind1=" " ind2=" ">
    <subfield code="d">B:12506-Dec-2007</subfield>
    <subfield code="c">MECH</subfield>
    <subfield code="b">54</subfield>
  </datafield>
  <datafield tag="999" ind1=" " ind2=" ">
    <subfield code="c">318015</subfield>
    <subfield code="d">318015</subfield>
  </datafield>
  <datafield tag="952" ind1=" " ind2=" ">
    <subfield code="0">0</subfield>
    <subfield code="1">0</subfield>
    <subfield code="4">0</subfield>
    <subfield code="7">0</subfield>
    <subfield code="a">CCEP</subfield>
    <subfield code="b">CCEP</subfield>
    <subfield code="d">2008-01-04</subfield>
    <subfield code="e">Om Book Stall</subfield>
    <subfield code="f">MECH</subfield>
    <subfield code="g">216.00</subfield>
    <subfield code="i">125</subfield>
    <subfield code="l">0</subfield>
    <subfield code="o">621.902</subfield>
    <subfield code="p">CCEP-BK-29222</subfield>
    <subfield code="r">2023-07-18 00:00:00</subfield>
    <subfield code="t">54</subfield>
    <subfield code="v">270.00</subfield>
    <subfield code="w">2007-12-06</subfield>
    <subfield code="y">BK</subfield>
    <subfield code="z">029222</subfield>
  </datafield>
</record>
